| 000 | 01020nam a2200301 i 4500 | ||
|---|---|---|---|
| 001 | |||
| 003 | DO-SdBNP | ||
| 005 | 20230825110051.0 | ||
| 007 | ta | ||
| 008 | 110804s1966 dr 000 0 spa d | ||
| 040 |
_aDO-SdBNP _bspa _cBNPHU _erda |
||
| 082 | 4 |
_a972.93 _bG491h,1966 _222 |
|
| 100 | 1 |
_aGimbernard, Jacinto, _d1931-2017 _928978 _eautor |
|
| 245 | 1 | 0 |
_aHistoria de Santo Domingo / _cJacinto Gimbernard Pellerano. |
| 250 | _a | ||
| 264 |
_aSanto Domingo : _bCosmopolita, _c1966. |
||
| 300 |
_a292 páginas : _bilustraciones, retratos ; _c23 cm. |
||
| 336 |
_2rdacontent _atexto _btxt |
||
| 337 |
_2rdamedia _asin mediación _bnc |
||
| 338 |
_2rdacarrier _avolumen _bn |
||
| 500 | _a | ||
| 500 | _aBibliografía : p. 501-507 | ||
| 590 | _aInventariado, 2023/BT | ||
| 651 | 4 |
_aSanto Domingo (República Dominicana) _xHistoria _x _9170 _yDescubrimeinto y conquista 1492-1503 |
|
| 651 | 4 |
_aSanto Domingo (República Dominicana) _xHistoria _yOpación haitiana 822-1844 _977179 |
|
| 910 | _aVMateo | ||
| 942 |
_2ddc _cLBS1 |
||
| 999 |
_c49087 _d49087 |
||